Les portes du périphérique parisien - Mort subite - Statistiques

Statistiques générales
  • Ce quiz a été pris 96 fois
  • Le résultat moyen est 8 sur 21
Answers on the Grid
Answers color-coded by a green-red scale on the quiz's grid according to % correct below.
Saint-Clout
Pantin
Pré Saint-Germain
Lilas
Bagnolais
Montereuil
Vincennes
Saint Mandé
Dorée
Charençon
Bercy
Italie
Espagne
Chantilly
Chatillon
Louvre
La Plaine
Sèvres
Quai d'Issy
Trocadéro
Auteuil
Passy
La Muette
Dauphine
Champ de Mars
Mayot
Champerret
Asnières
Neuilly
Clichy
Saint-Ouin
Clignancourt
La Chapelle
La Villette
Lyon
Lille
 
Statistiques - réponses
Réponse % Correct
Pantin
76%
Lilas
59%
Vincennes
53%
Italie
53%
Auteuil
47%
Dorée
47%
Clignancourt
46%
La Chapelle
44%
Clichy
42%
Bercy
41%
Dauphine
41%
La Villette
36%
Champerret
34%
Asnières
31%
La Muette
27%
Sèvres
25%
Passy
24%
Chatillon
22%
Saint Mandé
22%
Quai d'Issy
19%
La Plaine
15%
Aucun quiz correspondant
Distribution des résultats
% des personnes avec chaque résultat
Percentile par nombre de réponses
Votre historique - résultats
Vous n’avez pas pris ce quiz